Verejný priestor ako obraz spoločnosti /

Salvato in:
Dettagli Bibliografici
Autore principale: Siláči, Ivan (Autore)
Altri autori: Vitková, Ľubica (Relatore della tesi)
Natura: Manoscritto Libro
Lingua:slovacco
Pubblicazione: Bratislava : Fakulta architektúry STU, 2018
Soggetti:
Accesso online:http://is.stuba.sk/zp/portal_zp.pl?podrobnosti=127959
Tags: Aggiungi Tag
Nessun Tag, puoi essere il primo ad aggiungerne!!

MARC

LEADER 00000ntm a22000003a 4500
001 stuzp54638
003 SK-STU
005 20230316133731.4
007 ta
008 150427s2015----xo-----f-mn---000-0-slo-d
035 |a biblio/77832  |2 CREPC2 
040 |a STU  |b slo 
041 0 |a slo  |b eng 
044 |a xo 
100 1 |a Siláči, Ivan  |u 056160  |4 aut  |9 100  |U FAD Fakulta architektúry  |T FA Ústav urbanizmu a územného plánovania  |X 68416  |U A6160  |Y 397  |7 A000068416 
242 0 1 |a Public Spaces as the Reflection of Society.  |y eng 
245 1 0 |a Verejný priestor ako obraz spoločnosti /  |c aut. Ivan Siláči ; škol. Ľubica Vitková 
260 |a Bratislava :  |b Fakulta architektúry STU,  |c 2018 
300 |a 194 s. 
650 4 |a verejný priestor  |2 slo 
650 4 |a spoločnosť  |2 slo 
650 4 |a plánovanie  |2 slo 
650 4 |a proces  |2 slo 
650 4 |a aktivizmus  |2 slo 
650 4 |a process  |2 eng 
650 4 |a society  |2 eng 
650 4 |a planning  |2 eng 
650 4 |a public space  |2 eng 
650 4 |a activism  |2 eng 
700 1 |a Vitková, Ľubica  |u 056160.  |k Z1  |4 ths  |X 447  |U 056160.  |Y 056160.  |7 A000000447 
856 4 |u http://is.stuba.sk/zp/portal_zp.pl?podrobnosti=127959  |u https://opac.crzp.sk/?fn=detailBiblioForm&sid=DD9282570EFDEA065078ABAC0787 
996 |b 284AU07743  |c A* 10996/V  |l AAKNST  |s P  |a 0  |w stuzp54638_0001